| 000 | 01008nam a22002657a 4500 | ||
|---|---|---|---|
| 999 |
_c14393 _d14393 |
||
| 003 | EG-ScBUE | ||
| 005 | 20210923095109.0 | ||
| 008 | 100706s2007 ua f 000 0 ara d | ||
| 040 |
_aEG-ScBUE _bara _erda _cEG-ScBUE _dEG-ScBUE |
||
| 043 | _af-ua--- | ||
| 082 | 0 | 4 |
_a320.962 _bهـ ل ا _222 |
| 100 | 1 |
_915945 _aهلال، علي الدين، _eمؤلف. |
|
| 245 | 1 | 0 |
_aتطور النظام السياسي في مصر 1805-2005 / _cد. علي الدين هلال. |
| 250 | _aالطبعة الثامنة. | ||
| 264 | 1 |
_a[القاهرة] : _bمركز البحوث والدراسات الإسلامية، _c2007. |
|
| 300 |
_a354 صفحة : _c24 سم |
||
| 336 |
_2rdacontent _aنص _btxt |
||
| 337 |
_2rdamedia _aبدون وسيط _bn |
||
| 338 |
_2rdacarrier _aمجلد _bnc |
||
| 541 |
_aألف باء ؛ _cشراء ؛ |
||
| 651 | 7 |
_aمصر _xالسياسة والحكومة _xتاريخ. _2BUEsh |
|
| 653 | 7 |
_aBUEsh _bBUSBOL _cSeptember2021 |
|
| 655 | 7 |
_2BUEsh _vReading book _934232 |
|
| 942 |
_2ddc _cBB |
||